[Event "Milan Crespi op-B 31th"]
[Site "Milan"]
[Date "2010.12.08"]
[Round "7"]
[White "Palmieri, Giovanni"]
[Black "Reina, Giuseppe"]
[Result "1-0"]
[WhiteElo "1806"]
[BlackElo "1841"]
[PlyCount "63"]
[EventDate "2010.12.04"]
[EventType "swiss"]
[EventRounds "7"]
[EventCountry "ITA"]
[SourceTitle "EXT 2024"]
[Source "ChessBase"]
[SourceDate "2023.10.10"]
[SourceVersion "1"]
[SourceVersionDate "2023.10.10"]
[SourceQuality "1"]

1. d4 Nf6 2. c4 g6 3. Nc3 Bg7 4. e4 d6 5. f4 0-0 6. Nf3 c5 7. d5 b5 8. cxb5 a6 9. a4 axb5 10. Bxb5 Ba6 11. Qc2 Qa5 12. Bd2 Qb4 13. e5 dxe5 14. Nxe5 Bxb5 15. Nxb5 Qe4+ 16. Qxe4 Nxe4 17. Nc3 Nxd2 18. Kxd2 Rd8 19. Kc2 Na6 20. Rhd1 Nb4+ 21. Kc1 g5 22. Nc6 Nxc6 23. dxc6 Rxd1+ 24. Kxd1 gxf4 25. Kc2 Bxc3 26. Kxc3 Rc8 27. a5 Rxc6 28. a6 Rc8 29. a7 Ra8 30. Kc4 e5 31. Kxc5 e4 32. Kb6 1-0

[Event "Corsico op"]
[Site "Corsico"]
[Date "2010.03.13"]
[Round "2"]
[White "Bruglia, Orlando"]
[Black "Palmieri, Giovanni"]
[Result "0-1"]
[WhiteElo "1921"]
[BlackElo "1778"]
[PlyCount "43"]
[EventDate "2010.03.12"]
[EventType "swiss"]
[EventRounds "5"]
[EventCountry "ITA"]
[SourceTitle "EXT 2011"]
[Source "ChessBase"]
[SourceDate "2010.11.26"]
[SourceVersion "1"]
[SourceVersionDate "2010.11.26"]
[SourceQuality "1"]

1. d4 Nf6 2. Bf4 d6 3. e3 g6 4. Be2 Bg7 5. h3 Nbd7 6. Nf3 b6 7. a4 Bb7 8. Nbd2 a6 9. c4 c5 10. 0-0 0-0 11. a5 bxa5 12. Ra2 cxd4 13. exd4 Re8 14. Nb3 e5 15. dxe5 dxe5 16. Be3 Qc7 17. Nxa5 Rad8 18. Qb3 Ba8 19. Rfa1 Nc5 20. Qa3 Bf8 21. b4 Ne6 22. b5 0-1

[Event "Milan Crespi op-B 30th"]
[Site "Milan"]
[Date "2009.12.04"]
[Round "1"]
[White "Colombo, Luca"]
[Black "Palmieri, Giovanni"]
[Result "0-1"]
[WhiteElo "1886"]
[BlackElo "1764"]
[PlyCount "56"]
[EventDate "2009.12.04"]
[EventType "swiss"]
[EventRounds "7"]
[EventCountry "ITA"]
[SourceTitle "EXT 2012"]
[Source "ChessBase"]
[SourceDate "2011.11.24"]
[SourceVersion "1"]
[SourceVersionDate "2011.11.24"]
[SourceQuality "1"]

1. e4 e6 2. d4 d5 3. e5 c5 4. c3 Nc6 5. Nf3 Qb6 6. Be2 cxd4 7. cxd4 Nge7 8. Nc3 Nf5 9. Bb5 Bd7 10. Bxc6 Bxc6 11. g4 Ne7 12. 0-0 Ng6 13. a3 Be7 14. b4 Qd8 15. Bd2 0-0 16. g5 f6 17. gxf6 gxf6 18. Bh6 Rf7 19. b5 Bd7 20. Re1 fxe5 21. Nxe5 Nxe5 22. dxe5 Bc5 23. Qg4+ Kh8 24. Re2 Qb6 25. Qh4 Rg8+ 26. Kf1 Bxb5 27. Nxb5 Qxb5 28. f4 Rg1# 0-1

[Event "Milan Palladino Memorial"]
[Site "Milan"]
[Date "2009.04.10"]
[Round "1"]
[White "Palmieri, Giovanni"]
[Black "Bemporad, Filippo"]
[Result "0-1"]
[WhiteElo "1737"]
[BlackElo "2100"]
[PlyCount "59"]
[EventDate "2009.04.10"]
[EventType "swiss"]
[EventRounds "6"]
[EventCountry "ITA"]
[SourceTitle "EXT 2011"]
[Source "ChessBase"]
[SourceDate "2010.11.26"]
[SourceVersion "1"]
[SourceVersionDate "2010.11.26"]
[SourceQuality "1"]

1. d4 d5 2. c4 c6 3. Nc3 Nf6 4. Nf3 g6 5. Qb3 dxc4 6. Qxc4 Be6 7. Qb4 Qc8 8. e4 Bg7 9. e5 Nd5 10. Nxd5 Bxd5 11. Be2 a5 12. Qc3 0-0 13. 0-0 Nd7 14. Bf4 Nb6 15. b3 Be6 16. Bc4 Nd5 17. Qd2 Qd7 18. Bh6 Bg4 19. Bxg7 Kxg7 20. Be2 f6 21. Rad1 b6 22. h3 Bxh3 23. gxh3 Qxh3 24. Nh2 fxe5 25. Bg4 Qh4 26. Qe2 h5 27. Qxe5+ Kh7 28. Be2 Rf5 29. Qe6 Nf4 30. Kh1 0-1